000 00476nam a2200181Ia 4500
005 20250603145035.0
008 250603s9999 xx 000 0 und d
020 _a9783030957636
050 _aHD 38.5 .G56/
100 _aEdited by Rico Merkert and Kai Hoberg
245 0 _aGlobal Logistics and Supply Chain Strategies for the 2020s
260 _aSwitzerland
260 _bSpringer Nature
260 _c2023
300 _a306 p
650 _aSwitzerland
942 _cBK
999 _c40694
_d40694